000 01209nam a2200253 i 4500
005 20240305165419.0
007 cr|||| ||||
008 131122s2013 sp 000 0 spa d
020 _a9788415923176
035 _a11828
040 _aBUS
_dvLex
090 _c4730
_d4730
100 1 _aDesdentado Aroca, Elena.
245 1 3 _aLa pensión de viudedad :
_bretos del derecho de familia y reflexiones sobre las últimas reformas
_h[Recurso electrónico] /
_cElena Desdentado Daroca.
256 _aServicio en línea
260 _aAlbacete :
_bBomarzo,
_c2013
300 _a1 recurso electrónico
506 1 _aContenido solo disponible en los productos indicados
_dvLex Global
_dvLex Global (Academic Edition, excluding Law Schools)
_dvLex Global (U.S. Academic Edition, Law Schools)
_dvLex Global (U.S. Academic Edition, excluding Law Schools)
_dvLex Global (Academic Edition, Law Schools)
650 0 4 _aPensiones del superviviente
_xDerecho
_zEspaña
650 0 4 _aFamilia -
_xDerecho -
_zEspaña.
740 0 _avLex Libros (Servicio en línea)
856 4 0 _uhttps://app.vlex.com/#/sources/pension-de-viudedad-retos-del-derecho-de-familia-y-reflexiones-sobre-las-ultimas-reformas-11828
942 _cRAA
999 _c163086
_d163086